[Event "Magnus Carlsen Invitational 2021"]
[Site "Online"]
[Date "2021.03.10"]
[Round "5.8"]
[White "Carlsen, Magnus"]
[Black "Anton Guijarro, David"]
[Result "1-0"]
[WhiteElo "2881"]
[BlackElo "2674"]
[Annotator "TA"]
[PlyCount "169"]
[EventDate "2021.03.13"]
[EventType "tourn"]
[EventCountry "NET"]
[SourceTitle "playchess.com"]
[Source "ChessBase"]
[SourceQuality "1"]

{[%evp 11,169,29,26,-4,3,-13,6,-10,-14,-16,-6,-2,0,-10,-10,-15,0,0,16,-7,12,0,2,0,0,0,0,0,0,0,10,18,8,8,12,0,0,0,0,0,0,0,0,0,0,0,0,0,0,0,0,0,0,0,8,8,33,35,33,11,39,39,87,58,140,106,105,58,58,58,58,59,139,139,180,139,180,180,180,181,191,203,203,203,483,483,534,527,522,504,537,483,467,482,467,85,85,73,73,73,73,73,73,73,73,73,73,73,73,73,73,73,73,73,73,73,73,73,73,73,73,73,73,73,73,73,73,73,73,73,73,73,73,21,59,51,343,187,420,417,299,304,456,433,572,266,536,505,1417,1408,1366,1262,1240,1182,970,587,1249,1215,1001,815]} 1. e4 e5 2. Nf3 Nc6 3. Bb5 a6 4. Ba4 Nf6 5. d3 Bc5 6. Bxc6 (6. c3 d6 7. Nbd2 O-O 8. Nf1 d5 9. Qe2 b5 10. Bb3 d4 11. Ng3 a5 12. a3 Rb8 13. O-O dxc3 14. bxc3 b4 15. Ba4 Rb6 16. Bxc6 Rxc6 17. cxb4 axb4 18. axb4 Bxb4 19. Nxe5 {1-0 (42) Carlsen,M (2863)-Anton Guijarro,D (2703) chess24.com INT 2020}) 6... dxc6 7. Nc3 {C77: Ruy Lopez: 3...a6 4 Ba4 Nf6, unusual lines.} Qe7 8. h3 Nd7 (8... Bd6 {with more complications.} 9. O-O Be6 10. Be3 O-O-O 11. Na4 Nd7) 9. Be3 {The position is equal.} Bxe3 10. fxe3 {[#]} Nb6 $146 ({Predecessor:} 10... a5 11. O-O O-O 12. Kh1 Re8 13. Qe1 Nf8 14. Nh4 Qg5 15. Qf2 Be6 16. Nf3 Qf6 {0-1 (47) Tifferet,S (2274)-Kantor,G (2527) Batumi 2018}) 11. a4 a5 12. Qd2 Bd7 13. b3 Nc8 14. g4 h5 15. O-O-O Nd6 16. Ne2 (16. d4 {with more complications.} hxg4 17. hxg4 Rxh1 18. Rxh1 O-O-O 19. Nxe5 f6 20. Nxd7 Nxe4 21. Nxe4 Qxe4 22. Rh5) 16... b6 17. Qc3 f6 18. Ng3 hxg4 19. hxg4 O-O-O 20. Nf5 Bxf5 21. gxf5 Kb7 22. Kb2 Qf7 23. Nd2 g6 24. fxg6 Qxg6 25. Nc4 Nxc4+ 26. Qxc4 Qg5 27. Rhf1 Rd6 28. Rf3 Qg7 29. Rdf1 Rh2 30. Qc3 Re2 31. R1f2 Rxf2 32. Rxf2 $11 {[%mdl 4096] Endgame KQR-KQR} Qg3 33. Qd2 Qg5 34. Rg2 Qh6 35. Rh2 Qg5 36. Qf2 Qg6 37. Rh8 Qg5 (37... Qg7 $14 38. Qh4 Rd7) 38. Qf3 Qg7 39. Qh3 {Qc8+ would kill now.} (39. Qh5 {keeps more tension.} Qe7 40. Rh7 Qf8 41. Qg6 b5 42. Rg7) 39... Rd7 40. Re8 Qh7 41. Qf5 Qxf5 (41... Qg7 $1 $14) 42. exf5 $14 {KR-KR} b5 43. Kc3 Kb6 44. Rf8 Rd6 45. Rf7 Kb7 46. Kb2 Kb6 {[#]} 47. Ka3 $1 Kb7 $2 {[#]} (47... b4+ 48. Kb2 Kb7) 48. b4 $1 $18 axb4+ 49. Kxb4 bxa4 50. Kxa4 Kb6 51. Kb4 Kb7 52. Kc4 Kb6 53. c3 $2 (53. Rf8 $18 {has better winning chances. Strongly threatening Rb8+.} c5 54. Ra8) 53... c5 $16 54. e4 Kc6 55. Rf8 Kb6 56. Ra8 Rd7 57. Re8 {Hoping for Re6+.} Rd6 58. Re7 Kc6 59. Rf7 Kb6 60. Kb3 Kc6 61. Kc2 Kb6 62. c4 Kb7 63. Kd2 Kc8 64. Ke2 Kd8 65. Ke3 Kc8 66. Rf8+ Kd7 67. Rh8 (67. Kd2 {is more complex.} Ra6 68. Rf7+ Kc8 69. Rg7 Rd6 70. Rh7) 67... Ke7 68. Ra8 Kd7 69. Ra5 Kc6 70. Ra3 Kd7 71. Kf3 Ke7 72. Kg4 (72. Ke2 $16) 72... Kf7 73. Kh5 Rd8 $2 {[%mdl 8192] A mistake that costs the game.} (73... Kg7 $14) 74. Ra7 (74. Ra5 $142) 74... Rh8+ $2 (74... Rc8 75. Rb7 Rh8+ 76. Kg4 Rg8+ 77. Kf3 Rc8) 75. Kg4 $18 Rc8 76. Ra5 Ke7 (76... Kg7 $142 77. Rxc5 c6) 77. Rxc5 c6 78. Kf3 (78. Ra5 $142 {And now Ra7+ would win.} Rh8 79. c5) 78... Kd6 $2 (78... Rd8) 79. Ra5 {White is clearly winning.} Rh8 (79... Rc7 $142 80. c5+ Ke7) 80. c5+ Kc7 81. Ra7+ Kb8 82. Rf7 Rh6 83. Ke3 Kc8 84. Kd2 Kd8 85. Kc3 {Weighted Error Value: White=0.20/Black=0.15} 1-0

[Event "Magnus Carlsen Invitational 2021"]
[Site "Online"]
[Date "2021.03.10"]
[Round "6"]
[White "Nepomniachtchi, Ian"]
[Black "Vachier-Lagrave, Maxime"]
[Result "1-0"]
[WhiteElo "2778"]
[BlackElo "2860"]
[Annotator "TA"]
[PlyCount "70"]
[EventDate "2021.03.13"]
[EventType "tourn"]
[EventCountry "NET"]
[SourceTitle "playchess.com"]
[Source "ChessBase"]
[SourceQuality "1"]

{[%evp 9,70,-3,4,-15,-11,-19,-26,-16,-20,-47,-34,-37,-20,-31,-25,-22,-3,-19,0,0,0,0,1,-33,11,8,32,40,42,35,69,77,67,65,182,168,437,431,670,672,597,335,302,274,289,284,260,290,266,260,399,343,319,269,291,286,330,311,411,407,485,324,302]} 1. b3 a5 2. e4 a4 3. Bb2 e6 4. bxa4 {[#]} Nf6 $146 ({Predecessor:} 4... Rxa4 5. c4 Ra8 6. Nc3 c5 7. f4 Nc6 8. Nf3 d6 9. d4 cxd4 10. Nxd4 Nf6 {0-1 (31) Dinev,D (2304)-Georgiev,K (2596) Skopje 2018}) 5. e5 Nd5 6. Nf3 {A01: Nimzowitsch-Larsen Opening.} Nb6 7. Nc3 d5 8. exd6 {Black has an edge.} Bxd6 9. Bd3 O-O {[%mdl 1024] Black has compensation.} 10. O-O N8d7 11. Re1 Nc5 12. Bf1 Bd7 13. Nb5 Ncxa4 14. Bd4 Bc6 15. Nxd6 cxd6 16. Rb1 e5 17. Ba1 Re8 18. c4 f6 19. d4 Nc8 20. c5 ({Don't play} 20. d5 $6 Bd7 $11) 20... e4 {[#]} 21. d5 $1 exf3 (21... Bd7 $14 22. c6 bxc6 23. dxc6 Bxc6) 22. dxc6 $18 Rxe1 $2 (22... bxc6 23. Qxf3 Rxe1 24. Rxe1 Ne7) 23. Qd5+ (23. Qxe1 bxc6 24. Qe6+ Kh8 $18) 23... Kh8 (23... Kf8 $142 24. Rxe1 bxc6 25. Qxc6 Ra5 26. cxd6 (26. gxf3 Nxc5 27. Bc3 Ra7 $14) 26... Nxd6) 24. Rxe1 Ne7 25. Qf7 Nxc6 {[#]} 26. Bxf6 $1 {[%csl Gf7][%cal Rf6g7][%mdl 512]} Qf8 ({Weaker is} 26... gxf6 {[#]} 27. Re8+ $3 {[%mdl 512]} Qxe8 28. Qxf6+ Kg8 29. Bc4+ d5 30. Bxd5+ Qf7 31. Qxf7+ Kh8 32. Qf6#) 27. Qxb7 {Hoping for Bxg7+!} gxf6 28. Qxc6 {[%mdl 64] Double Attack} Nxc5 29. Qxf3 Nd7 (29... Ra7 {might work better.} 30. Rd1 Rxa2) 30. Qd5 Ne5 31. f4 Ng6 32. g3 Ra7 33. Re6 Kg7 34. Rxd6 Ne7 35. Qe6 Qf7 {Weighted Error Value: White=0.23/Black=0.44} 1-0

[Event "Magnus Carlsen Invitational 2021"]
[Site "Online"]
[Date "2021.03.10"]
[Round "6"]
[White "Mamedyarov, Shakhriyar"]
[Black "Firouzja, Alireza"]
[Result "0-1"]
[WhiteElo "2761"]
[BlackElo "2703"]
[Annotator "TA"]
[PlyCount "92"]
[EventDate "2021.03.13"]
[EventType "tourn"]
[EventCountry "NET"]
[SourceTitle "playchess.com"]
[Source "ChessBase"]
[SourceQuality "1"]

{[%evp 13,92,20,28,16,6,0,0,0,16,0,5,6,19,27,42,42,54,54,61,72,84,62,164,151,120,11,42,-3,140,0,0,0,0,0,-12,-12,-25,-26,-20,-25,0,-35,-28,-72,-72,-72,-72,-72,-72,-72,-72,-72,-72,-72,-75,-78,-102,-5974,-6040,-5974,-5785,-5992,-5974,-5389,-5310,-5004,-5050,-29972,-29971,-29974,-29975,-29982,-29983,-29983,-29984,-29985,-29986,-29986,-29986,-29987,-29988]} 1. e4 c5 2. c3 d5 3. exd5 Qxd5 4. d4 Nf6 5. Nf3 e6 6. Na3 {[%cal Bb1a3,Ba3c4,Bc4e3][%mdl 32]} a6 7. Nc4 Nbd7 8. Be2 {B22: Sicilian: 2 c3.} b5 9. Ne3 Qc6 10. O-O {The position is equal.} Bb7 11. a4 Be7 12. dxc5 Qxc5 {[#]} 13. Qb3 $146 {[%cal Ra4b5]} ({Predecessor:} 13. axb5 axb5 14. Rxa8+ Bxa8 15. Nc2 O-O 16. Be3 Qc7 17. Nfd4 Qb7 18. Bf3 Nd5 19. Bf4 {½-½ (73) Mammadov,Z (2487)-Abasov,N (2530) Baku 2015}) 13... b4 14. Bd2 {[%cal Rc3b4]} Ne4 15. Be1 $1 a5 16. cxb4 axb4 17. Bb5 Ba6 ({Black should play} 17... Nef6 $1 $14) 18. Bxa6 $18 Rxa6 {[#]} 19. Rd1 (19. Nc2 $1 $16) 19... Qc6 20. Bxb4 Qb7 (20... Bxb4 $11 21. Qxb4 Rxa4) 21. Rxd7 $2 Kxd7 $11 22. Qd3+ Ke8 23. Bxe7 Kxe7 24. Qa3+ Nd6 $1 25. Nd4 Rd8 26. Nb3 {And now Nc5 would win.} Rb6 27. Nc5 (27. Na5 $5 {[%cal Ra5b7]} Qc7 28. b4 $11) 27... Qb8 28. b4 {[%mdl 64] Decoy} Rxb4 {Threatens to win with ...Rc8.} 29. Na6 Rb3 30. Nxb8 Rxa3 31. Nc6+ Kd7 32. Nxd8 Kxd8 $17 {[%mdl 4096] Endgame KRN-KRN} 33. Rd1 Ke7 34. Rxd6 {[#] Strongly threatening Ra6.} Rxe3 $1 35. fxe3 {[%mdl 8192]} (35. Rd1 $17 Ra3 36. Rb1) 35... Kxd6 {KP-KP} 36. Kf2 Kc5 37. Kf3 Kb4 38. Ke4 f6 39. Kd4 Kxa4 40. Kc5 Kb3 {Black mates.} 41. Kd6 e5 42. g4 Kc4 43. Ke6 Kd3 44. Kf7 Kxe3 45. Kxg7 Kf4 46. Kxf6 e4 {Black used his chance.  Weighted Error Value: White=0.47/Black=0.18} 0-1

[Event "Magnus Carlsen Invitational 2021"]
[Site "Online"]
[Date "2021.03.10"]
[Round "6"]
[White "So, Wesley"]
[Black "Aronian, Levon"]
[Result "1-0"]
[WhiteElo "2741"]
[BlackElo "2778"]
[Annotator "TA"]
[PlyCount "65"]
[EventDate "2021.03.13"]
[EventType "tourn"]
[EventCountry "NET"]
[SourceTitle "playchess.com"]
[Source "ChessBase"]
[SourceQuality "1"]

{[%evp 10,65,0,0,41,0,7,0,0,0,20,0,45,25,42,42,38,0,225,221,333,343,334,308,354,331,603,612,708,362,385,375,377,381,381,384,472,392,392,387,385,381,421,410,547,526,1174,1174,1121,1095,1188,1119,1055,1006,5473,5457,1396,832]} 1. d4 Nf6 2. c4 e6 3. Nc3 Bb4 4. Qc2 O-O 5. Nf3 d5 6. Bg5 h6 {E32: Nimzo-Indian: Classical (4 Qc2): 4...0-0.} 7. Bh4 (7. Bxf6 $5 Qxf6 8. a3 Bxc3+ 9. Qxc3 $11) (7. Bxf6 Qxf6 8. a3 Bxc3+ 9. Qxc3 dxc4 10. Qxc4 Bd7 11. e3 Rc8 12. Qb4 Bc6 13. Be2 Bd5 14. Rc1 Nd7 15. O-O a5 16. Qa4 c6 17. Nd2 {½-½ (41) So,W (2770)-Aronian,L (2792) Leuven 2016}) 7... dxc4 8. e4 g5 {The position is equal.} 9. Bg3 b5 10. e5 Nh5 {[#]} 11. Qe4 $146 {[%cal Re4a8][%mdl 1024] White has compensation.} ({Predecessor:} 11. Be2 Bb7 12. Rd1 Kg7 13. O-O Nxg3 14. fxg3 Bxc3 15. bxc3 Nd7 16. h4 g4 17. Nh2 {1-0 (39) Debashis,D (2522)-Koustav,C (2365) New Delhi 2018}) 11... Qd5 (11... Nxg3 $2 12. hxg3 Qd5 13. Qe3 $18) 12. Qg4 {[%cal Rg4h5]} Ng7 {Hoping for ...f5.} (12... Nxg3 $2 13. hxg3 f5 14. Qh5 $18) 13. Be2 {Black must now prevent Nxg5!} (13. Nd2 $5 {[%cal Rc3d5]} Bxc3 14. bxc3 $11) 13... f5 $2 {White leaves nothing to chance now.} (13... Nc6 $11 {and Black stays safe.}) 14. Qh3 $1 $40 {[%mdl 128] White attacks with force.} g4 (14... h5 $142) 15. Qxh6 {Threatens to win with Ng5.} gxf3 16. Bxf3 {[%mdl 64] Pin} Qxd4 17. O-O c6 $2 (17... Nd7 18. Bxa8 Nxe5 19. Nxb5 {[%mdl 64] Double Attack} Qc5) 18. Rad1 Qb6 {[#]} 19. Ne4 $1 {[%mdl 512]} fxe4 20. Bxe4 {White wants to mate with Qh7+.} Rf5 21. Bxf5 exf5 22. e6 {Strongly threatening Be5.} Bf8 23. Be5 {Threatening mate with e7!} c5 24. Bxg7 {[%mdl 64] Overworked Piece} Bxg7 {[#]} 25. e7 $1 {[%cal Re7e8][%mdl 512]} Bd7 {[#]} ({Reject} 25... Bxh6 26. e8=Q+ Kh7 27. Qxc8 $18) (25... Qxh6 26. e8=Q+) 26. Qh5 {Rfe1 is the strong threat.} Qc6 {[#] aiming for ...Na6.} 27. Rfe1 $1 {White is clearly winning.} Be8 28. Rd8 Na6 {[#]} 29. Re6 $1 {[%mdl 512]} Qd7 (29... Qxe6 30. Qxe8+) 30. Rxa8 Nc7 31. Rd8 ({Not} 31. Rxe8+ Qxe8 32. Qe2 (32. Qxf5 Qd7 $17 {[%mdl 64] Pin}) 32... c3 $16) 31... Nxe6 32. Rxe8+ Nf8 33. Rxf8+ {Weighted Error Value: White=0.15/Black=0.60} 1-0

[Event "Magnus Carlsen Invitational 2021"]
[Site "Online"]
[Date "2021.03.10"]
[Round "6"]
[White "Karjakin, Sergey"]
[Black "Van Foreest, Jorden"]
[Result "1-0"]
[WhiteElo "2709"]
[BlackElo "2543"]
[Annotator "TA"]
[PlyCount "121"]
[EventDate "2021.03.13"]
[EventType "tourn"]
[EventCountry "NET"]
[SourceTitle "playchess.com"]
[Source "ChessBase"]
[SourceQuality "1"]

{[%evp 10,121,51,51,51,54,51,50,52,50,57,45,56,84,120,28,41,50,46,-2,-2,-2,-2,-7,-12,-8,-13,-9,0,-12,-14,-13,-13,-27,-6,-25,-12,-17,-13,-15,-2,-16,-11,-12,-1,-6,0,-7,0,0,0,0,0,0,0,0,0,0,0,0,0,0,8,0,0,0,0,0,0,0,150,138,222,213,213,208,457,454,416,401,562,560,547,541,511,220,512,464,562,554,530,501,29950,29951,7278,3527,29968,29969,29986,29987,29987,29976,29985,29986,29988,29987,29987,29987,29987,29988,29991,29992,29992,29987]} 1. e4 e6 2. d4 d5 3. Nc3 Nf6 4. Bg5 h6 5. Bxf6 Qxf6 6. exd5 Bb4 {C12: French: Classical System: McCutcheon Variation.} 7. dxe6 Bxe6 8. a3 $5 {[%mdl 4] Exploring less charted territory.} Ba5 {White is slightly better.} 9. Nf3 Nc6 10. Bb5 $1 {[#]} O-O-O $146 {[%cal Rc6d4]} ({Predecessor:} 10... O-O 11. O-O Rad8 12. Ne4 Qf4 13. Bxc6 bxc6 14. Nc5 Bg4 15. Nb7 Bb6 16. Nxd8 Rxd8 {1-0 (23) Benitez,O-Varlotta,A Uruguay 1961}) 11. Bxc6 bxc6 12. O-O (12. Qd3 $16 {Qa6+ is the strong threat.} Bb6 13. Ne4) 12... Bg4 $11 13. Ne4 Bxf3 14. Qxf3 (14. gxf3 {is interesting.} Qxd4 15. Qe2 Kb8 16. a4 f5 17. Ng3) 14... Qxf3 15. gxf3 Rxd4 16. Rfd1 Bb6 17. c3 Rxd1+ 18. Rxd1 {[%mdl 4096] Endgame KRB-KRN} Re8 19. Kf1 Re5 20. Ng3 g6 21. c4 Bc5 22. b4 {Black must now prevent f4.} Bf8 23. f4 Re8 24. f5 h5 25. fxg6 fxg6 26. Rd3 c5 27. b5 Bd6 28. f3 h4 29. Ne4 Bxh2 30. Kg2 Bf4 31. Kh3 g5 32. a4 c6 33. bxc6 Kc7 34. Rd7+ Kxc6 35. Rxa7 Rb8 36. Ra6+ Rb6 37. Ra5 Be3 38. Rb5 Rb7 {Threatens to win with ...Rf7.} 39. Nf6 Rf7 {[#] White now steadily converts the win.} (39... Bf4 $11) 40. a5 $1 $16 {[%cal Ba4a5,Ba5a6][%mdl 32] And now Rb6+ would win.} Rb7 {[#]} (40... Bf4 $16) 41. a6 $1 $18 Ra7 ({But not} 41... Rxb5 $2 42. cxb5+ Kb6 43. Nd5+ Kxb5 44. a7 $18) 42. Nd5 Rxa6 (42... Bd4) 43. Nxe3 {KRN-KR} Ra3 44. Nd5 Rxf3+ (44... Kd6 $142 45. Kg4 Ra4) 45. Kg4 Rg3+ {[#]} 46. Kf5 $1 {[%cal Rf5e6] Threatening mate with Ke6.} Rg1 {Black hopes to continue with ...g4.} 47. Rb6+ Kd7 {Now ...g4 and Black clings on.} 48. Rh6 Rg2 49. Nf6+ Kc7 50. Ke5 Rd2 (50... Rf2 $18 51. Nd5+ Kb7 52. Rh7+ Ka6) 51. Nd5+ Kb7 52. Rh7+ Kb8 53. Kd6 {White mates.} Rd3 54. Kc6 Rf3 55. Kb6 Kc8 56. Kxc5 h3 57. Kc6 Kb8 58. Nb6 {[%csl Gc6][%cal Rh7b7]} Rf6+ 59. Kb5 Rf3 60. c5 h2 61. Rxh2 {Weighted Error Value: White=0.05/Black=0.47} 1-0

[Event "Magnus Carlsen Invitational 2021"]
[Site "Online"]
[Date "2021.03.10"]
[Round "6"]
[White "Grandelius, Nils"]
[Black "Carlsen, Magnus"]
[Result "1/2-1/2"]
[WhiteElo "2632"]
[BlackElo "2881"]
[Annotator "TA"]
[PlyCount "120"]
[EventDate "2021.03.13"]
[EventType "tourn"]
[EventCountry "NET"]
[SourceTitle "playchess.com"]
[Source "ChessBase"]
[SourceQuality "1"]

{[%evp 9,120,20,31,22,41,15,25,25,37,3,22,25,33,22,48,31,31,31,40,34,32,27,24,31,29,24,29,0,0,0,0,0,0,0,0,0,0,0,0,0,0,0,0,0,0,0,0,0,0,0,0,0,0,-11,-8,-19,-25,-24,-14,-60,0,0,0,0,0,0,0,0,0,0,0,0,0,0,0,0,0,0,0,0,0,0,0,0,0,0,0,0,0,0,0,0,0,0,0,0,0,0,0,0,0,0,0,0,0,-8,-8,-8,-8,-8,0,0,0]} 1. e4 c5 2. Nf3 Nc6 3. Bb5 Nf6 4. Bxc6 dxc6 5. d3 g6 6. Be3 {B30: Sicilian: 2...Nc6 3 Bb5, lines without ...g6.} Nd7 7. Nc3 e5 {[#]} 8. O-O $146 {White has an edge.} ({Predecessor:} 8. Qd2 Qe7 9. a4 a5 10. O-O Bg7 11. Bh6 O-O 12. h3 Rd8 13. Bxg7 Kxg7 14. Nh2 {1-0 (41) Shankovsky,A (2406)-Barrionuevo,P (2259) chess.com INT 2020}) 8... b6 9. Nd2 Nf6 10. Nc4 Ng4 11. Bd2 Be6 12. h3 Bxc4 13. dxc4 Nf6 14. Bg5 {[#] Black must now prevent Qxd8+.} Qxd1 15. Rfxd1 Nd7 16. Rd3 Be7 {[#]} 17. Rad1 $1 {And now Bxe7 would win.} Rd8 $1 18. Bxe7 Kxe7 19. Kf1 Rhe8 20. Ke2 Nf8 21. Rxd8 Rxd8 22. Rxd8 Kxd8 $11 {[%mdl 4096] Endgame KN-KN} 23. Nd1 Ne6 24. Ne3 Ke7 25. h4 h5 26. g3 Ng7 27. Nf1 Ne8 28. Nd2 Nd6 29. b3 Ke6 30. Ke3 f6 31. Nb1 g5 32. Nd2 gxh4 33. gxh4 f5 34. Kf3 b5 ({Black should try} 34... Kf7 $15) 35. Ke3 {The position is equal.} bxc4 36. bxc4 fxe4 37. Nxe4 Nf5+ 38. Kd3 Nxh4 39. Ng3 $1 Ng6 40. Nxh5 Kf5 41. Ke3 Nf8 42. f4 Nd7 {aiming for ...Kg4.} 43. Ng3+ Kg4 44. Ne2 exf4+ 45. Nxf4 Kf5 46. Nd3 a5 47. Kd2 Ke4 48. Kc3 Ke3 49. Nc1 Nf6 50. a4 Ne4+ 51. Kb2 Kd4 52. Nb3+ Kxc4 {Threatens to win with ...Kb4.} 53. Nxa5+ Kb4 54. Nxc6+ Kxa4 55. Ne5 Kb4 56. Nd3+ Kc4 57. Nxc5 Kxc5 58. c4 Kc6 59. c5 Nc3 60. Kxc3 Kxc5 {Weighted Error Value: White=0.05/Black=0.03} 1/2-1/2

[Event "Magnus Carlsen Invitational 2021"]
[Site "Online"]
[Date "2021.03.10"]
[Round "6"]
[White "Pichot, Alan"]
[Black "Dubov, Daniil"]
[Result "1/2-1/2"]
[WhiteElo "2548"]
[BlackElo "2770"]
[Annotator "TA"]
[PlyCount "168"]
[EventDate "2021.03.13"]
[EventType "tourn"]
[EventCountry "NET"]
[SourceTitle "playchess.com"]
[Source "ChessBase"]
[SourceQuality "1"]

{[%evp 17,168,0,0,0,0,0,0,-6,37,4,16,5,16,5,25,6,6,26,40,34,35,43,40,51,38,47,35,40,54,38,83,72,80,66,76,67,81,76,93,91,106,106,120,104,115,66,109,95,112,98,96,102,102,93,93,95,539,537,557,558,511,535,558,336,406,266,287,246,261,253,283,287,278,277,261,260,295,288,265,198,385,381,336,370,386,364,468,468,457,447,483,475,467,465,570,567,628,634,610,610,642,570,677,667,607,568,691,548,548,531,497,496,693,14,14,8,8,8,8,8,8,8,8,8,8,8,8,8,8,8,8,8,8,8,8,8,8,8,8,8,8,8,8,8,8,8,8,8,8,8,8,8,8]} 1. e4 e5 2. Nf3 Nc6 3. Bc4 Bc5 4. c3 Nf6 5. d4 exd4 6. e5 d5 7. Bb5 Ne4 8. cxd4 Bb6 9. Nc3 O-O 10. Be3 {C54: Giuoco Piano: 4 c3 Nf6, main lines with 5 d4 and 5 d3.} Bg4 11. h3 Bh5 12. Qc2 f5 {[#]} 13. Nxd5 Ba5+ $1 {[#]} (13... Qxd5 $2 14. Bc4 $18) 14. Ke2 $146 {Black must now prevent Nf4.} (14. Nc3 Nxc3 15. bxc3 Bxf3 $17) ({Predecessor:} 14. Kf1 Kh8 15. Bxc6 bxc6 16. Nf4 Bf7 17. Qa4 Bb6 18. Qxc6 g5 19. Ne6 Bxe6 20. Qxe6 {1-0 (39) Kowalski,I (2088)-Holownia,M (2006) Szklarska Poreba 2016}) 14... Nxd4+ $1 15. Bxd4 {Strongly threatening Rhd1.} Nd2 $1 ({Wrong is} 15... Qxd5 $2 16. Bc4 $18) 16. Qc5 Ne4 17. Qc4 Bf7 {[#]} 18. Nf6+ $1 Nxf6 (18... gxf6 19. e6) 19. e6 $36 {[%mdl 2048] White has the initiative.} Qe7 20. Bc5 $1 {[%cal Rc5e7]} Qxe6+ 21. Qxe6 Bxe6 22. Bxf8 Kxf8 23. Rhc1 Bb6 24. Bc4 Bd7 25. Kf1 Ne4 26. Rc2 Re8 27. Rd1 Bc8 28. h4 h6 29. h5 Ke7 30. Ne5 c6 31. Bf7 Rf8 32. Bb3 {And now Ng6+ would win.} Re8 33. Re2 Bc7 34. Ng6+ Kf6 35. Kg1 Bb6 36. g3 {Threatens to win with Kg2.} Kg5 $2 {[%mdl 8192]} (36... f4 $16 {is more resistant.} 37. gxf4 (37. Nxf4 Bg4 $11) 37... Bg4 {[%mdl 64] Double Attack} 38. Rxe4 {[%mdl 64] Remove Defender} Rxe4 39. Rd6+ Kf5) 37. Kg2 $18 Rd8 38. Rxd8 Bxd8 39. f3 Nd6 40. Be6 Bf6 41. Nf4 Bxe6 42. Rxe6 {[%mdl 4096] Endgame KRN-KBN} Nb5 43. b3 a5 44. Re8 Nc3 45. Ra8 Nxa2 46. Rxa5 Nb4 47. Ra7 b5 48. Kh3 Nc2 $2 (48... Bc3 {was called for.} 49. Ne6+ Kxh5 50. Nxg7+ Kg5 51. f4+ Kf6) 49. Ne6+ {[%mdl 64] Double Attack} Kxh5 50. Nxg7+ Kg6 51. Ne6 Bc3 52. Rc7 Nb4 53. Nd8 Be5 54. Rc8 Bf6 55. Nxc6 Nd3 56. Rb8 f4 57. Rxb5 fxg3 58. Kxg3 h5 59. Rd5 h4+ 60. Kh2 Nf4 61. Rd2 Bc3 62. Rc2 Be1 63. b4 Bg3+ 64. Kh1 h3 65. Nd4 $2 (65. Rd2 $18) 65... Nd3 $1 $11 {The position is equal.} 66. b5 {Kg1 is the strong threat.} (66. Rc6+ {looks sharper.} Kh5 67. Kg1 Bf2+ 68. Kh2 Bxd4 69. Kxh3 Kg5 70. b5) 66... Nf2+ {[#]} 67. Rxf2 $1 Bxf2 {KB-KN} 68. Ne2 Kg5 69. Kh2 Kh4 70. Nc3 Bd4 71. Nd5 Be5+ 72. Kh1 Bd6 (72... Kg3 {seems wilder.} 73. f4 Bd6 74. f5 Kg4 75. f6 Kf5) 73. Nf6 (73. f4 {keeps more tension.} Kg3 74. f5 Kg4 75. f6 Kf5 76. b6) 73... Be5 74. Ne4 Bc7 75. Nc3 Kg3 76. f4 {Hoping for f5.} Kg4 77. Nd5 Bb8 78. Kh2 Kf5 79. b6 Ke4 80. Nc7 Kxf4 81. Kxh3 Ke5 82. Kg4 Kd6 83. Na6 Kc6 84. Nxb8+ Kxb6 {White really could win this.  Weighted Error Value: White=0.12/Black=0.27} 1/2-1/2

[Event "Magnus Carlsen Invitational 2021"]
[Site "Online"]
[Date "2021.03.10"]
[Round "7.1"]
[White "Aronian, Levon"]
[Black "Giri, Anish"]
[Result "0-1"]
[WhiteElo "2778"]
[BlackElo "2731"]
[Annotator "TA"]
[PlyCount "78"]
[EventDate "2021.03.13"]
[EventType "tourn"]
[EventCountry "NET"]
[SourceTitle "playchess.com"]
[Source "ChessBase"]
[SourceQuality "1"]

{[%evp 14,78,30,0,0,0,0,0,0,0,0,0,0,0,35,0,0,0,0,-37,0,0,0,0,0,0,8,4,36,11,15,5,5,5,7,10,2,1,19,15,18,0,0,0,0,-65,0,0,0,0,0,-28,-34,-50,-16,-146,0,-64,-70,-162,-167,-170,-165,-639,-637,-620,-619]} 1. d4 Nf6 2. c4 g6 3. Nc3 d5 4. Nf3 Bg7 5. Qb3 dxc4 6. Qxc4 O-O 7. e4 Nc6 8. h3 (8. Be2 e5 9. d5 Nd4 10. Nxd4 exd4 11. Qxd4 c6 12. Qc4 b5 13. Qxc6 Bd7 14. Qd6 Re8 15. Bg5 b4 16. Qxb4 Nxd5 17. Nxd5 Qxg5 18. O-O Rab8 19. Qd6 Bh3 {½-½ (48) Aronian,L (2797)-Giri,A (2784) Wijk aan Zee 2015}) 8... e5 {D97: Grünfeld: Russian System: 7 e4, replies other than 7...Bg4.} 9. dxe5 Nd7 10. e6 fxe6 {White must now prevent ...Rxf3!The position is equal.} 11. Be3 Nde5 12. Nxe5 Nxe5 13. Qa4 {[#]} Bd7 $146 ({Predecessor:} 13... b6 14. Rd1 Qe7 15. Be2 c5 16. O-O Bb7 17. f4 Nc6 18. e5 Bh6 19. Rd3 Rad8 20. Rxd8 Qxd8 {1-0 (55) Kolanek,R (2020)-Jordan,J (2123) LSS email 2011}) 14. Qc2 Qe7 15. Rd1 c5 16. f4 Qh4+ 17. Qf2 Qxf2+ 18. Kxf2 {Hoping for Ke1.} g5 $1 19. g3 gxf4 20. gxf4 {And now Kg2 would win.} Bc6 21. Kg3 Bh6 $1 22. Rd6 Ng6 23. Rxe6 {Strongly threatening Bc4.} Bxf4+ 24. Bxf4 Nxf4 25. Re5 b6 26. Bc4+ Kh8 27. h4 Ng6 28. Rg5 Rae8 29. Rd1 (29. Rf1 $1 $11) 29... Ne5 (29... Bxe4 $15 30. Bb5 Re7) 30. Be2 $11 Re6 31. h5 Nf7 $36 {[%mdl 2048] Black has good play.} 32. Rg4 Nd6 33. Bd3 b5 34. Bc2 {[#]} (34. Rf4 $11 {remains equal.} Rg8+ 35. Kh4) 34... Rfe8 (34... Ref6 $1 $17 {...Nc4 is the strong threat.} 35. Rg5 Rf3+ 36. Kh2 Nc4) 35. e5 (35. Nd5 $11 Rxe4 36. Bxe4 Nxe4+ 37. Rxe4 Rxe4 38. h6) 35... Nf7 36. Bf5 (36. Be4 $15) 36... Rxe5 $19 37. Bd7 {[#]} Re3+ $1 38. Kh2 $2 (38. Kf2 Rf3+ 39. Kg2 Rf4+ 40. Kh2 Rxg4 41. Bxg4) 38... Bxd7 39. Rxd7 Ne5 $1 {[%csl LRd7,LRg4][%mdl 64] Double Attack.  Weighted Error Value: White=0.42/Black=0.13} 0-1